1293 1625 1491 1927 1907 1697 1006 1789 1311 1889 1329 1053 1059 1492 1186 1665 1894 1775 1905 1039 1206 1487 1461 1354 1480 1524 1564 1723 1706 1127 1044 1371 1081 1324 1847 1797 1099 1265 1560 1333 1863 1849 1435 1050 1786 1032 1971 1770 1549 1039 1457 1449 1120 1117 1334 1719 1307 1624 1138 1883 1854 1756 1318 1877 1619 1264 1752 1633 1428 1552 1201 1960 1838 1251 1258 1902 1048 1936 1182 1234 1728 1877 1211 1351 1260 1401 1173 1970 1944 1988 1354 1313 1546 1769 1060 1530 1502 1268 1916 BCNSPRNW ULIB Ver.6.0+V

เปลี่ยนเป็นภาษาไทย

Change to English
 แสดงรายละเอียดบรรณานุกรม
  กลับหน้าหลัก

Brief Record : Get Marc (ISO 2709) : E-mail record : QR code < ปิดหน้าต่าง
LEADER : 00000nam 2200000uu 4500
001    13399123209
003     ULIB
008    020711s2551 th a 000 0 tha d
020    9789740424352
090    นว.^bผ111พ
100    ผลิตะวัน
245    พรหมลิขิตรักข้ามขอบฟ้า /^cผลิตะวัน
250    พิมพ์ครั้งที่ 1
260    กรุงเทพฯ :^bบลูบัตเตอร์ฟลาย,^c2551
300    143 หน้า;^b21 ซม.
710    บลูบัตเตอร์ฟลาย
945    ^p139^l0^i20345
999    ^aทศพร เกษรทอง
รายการนี้ยังไม่มีแท็ก
คุณยังไม่ได้ล็อกอิน คุณสามารถมีกิจกรรมร่วมกับเว็บไซต์ได้ แต่ต้องล็อกอินก่อน ::
  ล็อกอิน

รายการสื่อสารสนเทศ

ลำดับที่ ประเภท เลขเรียก/บาร์โค้ด สถานที่ สถานะ
1. นวนิยาย
นวนิยาย
นว. ผ111พ ฉ.1 
  Barcode: 20345
ห้องสมุดวิทยาเขตนครสวรรค์
►นวนิยาย:l:Fiction
บนชั้น

BibComment


ยังไม่เคยถูกคอมเมนท์

คอมเมนท์ทรัพยากรรายการนี้
  คอมเมนท์: พรหมลิขิตรักข้ามข..


 Copyright 2026. Bcnsprnw @Library